الأسرة المسلمة في العالم المعاصر / (رقم التسجيلة. 6478)

تفاصيل مارك
000 -الفاتح
عناصر البيانات ثابتة الطول 00691cam a2200205 i 4500
005 - تاريخ ووقت آخر معاملة
حقل ضبط 20251214094220.0
008 - عناصر البيانات ثابتة الطول
عناصر البيانات ثابتة الطول 250721s2000 sy gr 000 0 ara d
020 ## - الترقيم الدولي المعياري للكتب (ردمك)
الترقيم الدولي المعياري للكتب (ردمك) 1575477580
082 14 - رقم تصنيف ديوي العشري
رقم التصنيف 216.53
رقم المادة ز ح ي
100 1# - مدخل رئيسي – اسم شخصي
الاسم الشخصي الزحيلي، وهبة
علاقة الشخص بالعمل/ دوره مؤلف.
245 12 - بيان العنوان
العنوان الأسرة المسلمة في العالم المعاصر /
بيان المسؤولية أ.د. وهبة الزحيلي.
250 ## - بيان الطبعة
بيان الطبعة الطبعة الأولى.
264 31 - بيانات النشر، التوزيع…إلخ
مكان النشر، التوزيع...إلخ بيروت :
اسم الناشر، الموزع...إلخ دار الفكر المعاصر،
تاريخ النشر، التوزيع...إلخ 2000.
300 ## - الوصف المادي
عدد الوحدات المكونة للوعاء 350 صفحة.
650 17 - مدخل إضافي بالموضوع - مصطلح موضوعي
مصطلح موضوعي أو اسم جغرافي كعنصر مدخل الإسلام.
650 17 - مدخل إضافي بالموضوع - مصطلح موضوعي
مصطلح موضوعي أو اسم جغرافي كعنصر مدخل الفقه الإسلامي.
650 17 - مدخل إضافي بالموضوع - مصطلح موضوعي
مصطلح موضوعي أو اسم جغرافي كعنصر مدخل الحقوق الأسرية.
942 ## - بيانات إضافية (كوها)
نوع التنصيف Dewey Decimal Classification
نوع المادة (كوها) كتب
المقتنيات
حالة السحب حالة الفقدان مصدر التصنيف حالة التلف غير قابل للإعارة المكتبة الرئيسية المكتبة الحالية موقع الرف تاريخ التزويد الرقم المتسلسل Total Checkouts رقم الإستدعاء الباركود تاريخ آخر ظهور تاريخ الفاتورة نوع المادة (كوها)
    Dewey Decimal Classification     المكتبة المركزية المكتبة المركزية الإعارة 06/07/2004 438511   216.53 / ز ح ي 438511 28/07/2025 06/07/2004 كتب
    Dewey Decimal Classification     المكتبة المركزية المكتبة المركزية الإعارة 06/07/2004 435338   216.53 / ز ح ي 435338 28/07/2025 06/07/2004 كتب
Implemented & Customized by: BBB with SCIT (Smart Chains for Information Technology)

Powered by Koha